000 00473nam a2200181Ia 4500
008 100917s9999 xx 000 0 und d
082 _b9826
100 _aजहागिरदार गजानन
245 _aसंध्याकाळ
260 _b---
300 _a117
365 _b10
520 _aचरित्र
630 _aसंध्याकाळ
650 _aचरित्र
730 _aसंध्याकाळ
942 _cBOOK
999 _c615220
_d615217